The Lancet. (Record no. 1349)
[ view plain ]
| 000 -LEADER | |
|---|---|
| campo de control de longitud fija | 00952nas a2200265 i 4500 |
| 001 - NÚMERO DE CONTROL | |
| campo de control | 1349 |
| 003 - IDENTIFICADOR DE NÚMERO DE CONTROL | |
| campo de control | ES-MaACL |
| 005 - FECHA Y HORA DE LA ÚLTIMA TRANSACCIÓN | |
| campo de control | 20250807062534.0 |
| 007 - CAMPO FIJO DE DESCRIPCIÓN FÍSICA--INFORMACIÓN GENERAL | |
| campo de control de longitud fija | t| |
| 008 - DATOS DE LONGITUD FIJA--INFORMACIÓN GENERAL | |
| campo de control de longitud fija | 950801c1823 xxk | | 1 ||ng d |
| 080 ## - NÚMERO DE LA CLASIFICACIÓN DECIMAL UNIVERSAL | |
| Número de la Clasificación Decimal Universal | 410 |
| 245 04 - MENCIÓN DEL TÍTULO | |
| Título | The Lancet. |
| 250 ## - MENCION DE EDICION | |
| Mención de edición | [English ed.]. |
| 260 ## - PUBLICACIÓN, DISTRIBUCIÓN, ETC. | |
| Lugar de publicación, distribución, etc. | London : |
| Nombre del editor, distribuidor, etc. | Lancet Ltd, |
| Fecha de publicación, distribución, etc. | 1823- |
| 300 ## - DESCRIPCIÓN FÍSICA | |
| Extensión | 141 v. : |
| Otras características físicas | grab. ; |
| Dimensiones | 24 cm. |
| 310 ## - PERIODICIDAD ACTUAL | |
| Periodicidad actual | Semanal |
| 362 0# - FECHAS DE PUBLICACIÓN Y/O DESIGNACIÓN SECUENCIAL | |
| Fecha de publicación y/o designación secuencial | Vol. 1, nº. 1 (Oct. 5, 1823)- |
| 500 ## - NOTA GENERAL | |
| Nota general | A patir de 1986 se recibe la ed. en español, que deja de publicarse en diciembre 1999 (vol. 35, nº 6) |
| 650 17 - PUNTO DE ACCESO ADICIONAL DE MATERIA--TÉRMINO DE MATERIA | |
| Término de materia o nombre geográfico como elemento de entrada | Medicina |
| Fuente del encabezamiento o término | embne |
| 9 (RLIN) | 14891 |
| 700 1# - ENTRADA AGREGADA--NOMBRE PERSONAL | |
| Nombre de persona | Wakley, Thomas, |
| Término indicativo de función/relación | |
| 9 (RLIN) | 194172 |
| 700 1# - ENTRADA AGREGADA--NOMBRE PERSONAL | |
| Nombre de persona | Sprigge, Samuel Squire, |
| Término indicativo de función/relación | |
| 9 (RLIN) | 194173 |
| 852 ## - LOCALIZACIÓN | |
| Ubicación | ES-MaACL |
| Número de control de estantería | Hem-740 |
| 866 #0 - MENCIÓN TEXTUAL DE FONDOS--UNIDAD BIBLIOGRÁFICA BÁSICA | |
| Fondos | 1825-26,(1829)1830-1833,(1863-65),(1895)1896-1916(1917)1918-34(1935f.n.1y11)(1936),(1947f.n.6444y6448y6453)(1948),1950-56(1957f.n.701)1958-60(1961),(1986f.nov.)1987-88(1989-90)1991-99 |
| Estatus retirado | Estado de pérdida | Estado de daño | No para préstamo | Colección | Biblioteca de origen | Biblioteca actual | Ubicación en estantería | Fecha de adquisición | Fuente de adquisición | Total de préstamos | Signatura topográfica completa | Código de barras | Visto por última vez | Precio de reemplazo | Tipo de ítem Koha |
|---|---|---|---|---|---|---|---|---|---|---|---|---|---|---|---|
| Periódicos y Revistas | Biblioteca del Ateneo de Madrid | Biblioteca del Ateneo de Madrid | Depósito 1 | 17/01/2008 | Hem-740 | 1001377 | 23/02/2023 | 23/02/2023 | Revista |
